Music Quiz

Random Music or Lyrics Quiz

The Suffering Quiz Stats

 Plays Quiz not verified by Sporcle

Challenge
Share
Tweet
Embed
Score 0/63 Timer 07:00
0 Plays Today
Line Lyric % Correct
Even in this...old fashioned way?
83.1%
Go make your move, girl...I'm not coming home
81.3%
(Hey, Hey) If it was...up to me
74%
Would you have...loved me either way?
69.8%
I would've...figured you out
69.8%
Decision sits,so make it quick
68.3%
(Hey, Hey) If it was...up to me
67.1%
I would've...never walked out
60.7%
So until...the sun burns out
60.7%
Oh,I hope you're waiting
59.2%
Dressed to the blues day to day...with my collar up
58%
Oh,I hope you're waiting
58%
Is there a word...or right to say
56.8%
Way before...the year clocked out
55.6%
I cursed the day that I learned...of the web you spun
52.9%
(Hey, hey) If it was...up to me
51.7%
Listen well,will you marry me?
50.8%
We have lived...as a child would care
48.9%
I would've...figured you out
48%
(Not...now, boy)
48%
Are you...well in the suffering?
46.8%
(You've been)the most gracious of hosts
46.8%
A breath...inhaled from an air so sick
46.5%
With this...vial to drink I dare
46.2%
(Bye bye) Or is it lost,give up the ghost
45%
Would things...have changed if I could've stayed?
44.7%
Oh,I hope you're waiting
44.4%
Oh,I hope you're waiting
43.8%
Listen...well, will you marry me?
43.8%
(Not...now, boy)
42.9%
Are you well...in the suffering?
42.6%
Way before...the year clocked out
41.7%
Line Lyric % Correct
And should I die all alone... as I knew I would
40.8%
(You've been) themost gracious of hosts
40.8%
I may be invited, girl,but I'm not coming in
40.5%
(Then burn in...hell young sinner)
37.8%
You may...be invited, girl, but you're not coming in
36.3%
(Hey, hey)If it was up to me
35%
Oh, I hope...you're waiting
29.3%
(Hey, hey) If it...was up to me
28.7%
(Bye) Should we try...this again with hope?
27.2%
Oh, I hope...you're waiting
26.3%
Way before...the year clocked out
24.8%
Listen...well, will you marry me?
24.8%
I would've...never walked out
24.2%
(Not...now, boy)
24.2%
So until...the sun burns out
23.9%
Listen well,will you marry me?
23.6%
(Oh where have you been?) (Oh where have you been if...it hurts to be forgiving?)
23.3%
Are you well...in the suffering?
22.7%
You may be invited, girl,but you're not coming in
22.7%
(Not...now, boy)
22.7%
Are you well...in the suffering?
22.4%
(You've been) the mostgracious of hosts
22.4%
(Oh where have you been?) Only to cry...all alone with your taste on tongue
22.1%
(You've been)...the most gracious of hosts
22.1%
I...would've figured you out
21.5%
You had your hold...till bleeding
20.2%
(Give up...the ghost)
18.7%
I may be...invited, girl, but I'm not coming in
18.1%
And you're...not coming in
15.1%
(You had...your hold)
12.1%
[Repeat the last 10 lines...once]
5.1%

You're not logged in!

Compare scores with friends on all Sporcle quizzes.
OR
Log In

You Might Also Like...

Show Comments

Extras

Top Quizzes Today


Score Distribution

Your Account Isn't Verified!

In order to create a playlist on Sporcle, you need to verify the email address you used during registration. Go to your Sporcle Settings to finish the process.

Report this User

Report this user for behavior that violates our Community Guidelines.

Details: